№ 3; Электрические станции

Bibliografiske detaljer
Parent link:Электрические станции: производственно-технический журнал/ Министерство энергетики (Минэнерго России), ОАО "Федеральная сетевая компания ЕЭС". № 3.— , 1930-
Sprog:russisk
Udgivet: 2013
Format: MixedMaterials Bog
KOHA link:https://koha.lib.tpu.ru/cgi-bin/koha/opac-detail.pl?biblionumber=506317

MARC

LEADER 00000nam2a2200000 4500
001 506317
005 20231101103210.0
035 |a (RuTPU)RU\TPU\prd\177202 
090 |a 506317 
100 |a 20130507a19309999k y0rusy50 ca 
101 0 |a rus 
102 |a RU 
200 0 |a № 3 
210 |d 2013 
461 1 |0 (RuTPU)RU\TPU\prd\446  |t Электрические станции  |o производственно-технический журнал  |f Министерство энергетики (Минэнерго России), ОАО "Федеральная сетевая компания ЕЭС"  |v № 3  |d 1930- 
801 0 |a RU  |b 63413507  |c 20010227  |g PSBO 
801 1 |a RU  |b 63413507  |c 20130507 
801 2 |a RU  |b 63413507  |c 20201201  |g RCR 
942 |c BK 
999 |a НТБ_ТПУ  |b НФ  |e -1/20130109  |p П-1901  |s 5/20121010  |u 0,00  |v 1